00426 2200169 4500001002100000005001500021008004100036035001900077041000700096082001000103090001600113100002100129245003400150260003000184300002600214650001600240INLIS00000000000393820241224112822241224||||||||| | ||| |||| || |  0010-1224003938 aid0 a332.6 a332.6 WIL f0 aWilliam Standley00aFinancial Freedom is a Choice bHouse Of Inpirationc2004 avi, 198 hlm. : 18 cm. 0aIlmu Sosial